Modele Audi - Statystyki

Ogólne statystyki
  • Ten quiz został rozwiązany 50 razy
  • Średni wynik to 12 z 20
Statystyki odpowiedzi
Obrazkowy Odpowiedź % Poprawnych
A4
98%
A2
91%
A8
82%
RS3
75%
RS4
75%
RS7
75%
TT
75%
RS6
73%
Q7
66%
RS2
64%
R8
59%
100
55%
e-tron GT
55%
Quattro
52%
S8
50%
S6
45%
RSQ8
39%
90
25%
60
23%
AVUS
2%
Nie znaleziono quizów pasujących do podanych kryteriów
Rozkład punktacji
Procent ludzi z każdym wynikiem
Percentyl według liczby udzielonych odpowiedzi
Twoja historia wyników
Nie rozwiązałeś tego quizu